[Event "Nova Gorica op 28th"]
[Site "Nova Gorica"]
[Date "2024.01.30"]
[Round "6"]
[White "Pirs, Matjaz1"]
[Black "Stevanic, David"]
[Result "0-1"]
[WhiteElo "1965"]
[BlackElo "2294"]
[PlyCount "130"]
[EventDate "2024.01.26"]
[EventType "swiss"]
[EventRounds "9"]
[EventCountry "SLO"]
[SourceTitle "CB06_2024"]
[SourceDate "2024.02.07"]
[SourceVersion "1"]
[SourceVersionDate "2024.02.07"]
[SourceQuality "1"]

1. e4 e5 2. Nf3 Nf6 3. Nc3 Bb4 4. Nxe5 0-0 5. Nd3 Bxc3 6. dxc3 Nxe4 7. Be2 d6 8. 0-0 Bf5 9. Be3 Nc6 10. Re1 Re8 11. Nf4 Ne5 12. h3 c6 13. Bd3 d5 14. f3 Nxd3 15. cxd3 Ng3 16. Qd2 Bg6 17. Bf2 Nf5 18. Rxe8+ Qxe8 19. Re1 Qd7 20. Re2 b6 21. Qe1 Kf8 22. g4 Nd6 23. Bg3 Nb7 24. h4 h6 25. Nxg6+ fxg6 26. d4 Re8 27. Be5 Kg8 28. Kg2 Nd8 29. Re3 Nf7 30. Kg3 g5 31. h5 Nd8 32. Qb1 Ne6 33. Kf2 Qf7 34. Qe1 Nf8 35. Qe2 g6 36. hxg6 Qxg6 37. a3 h5 38. gxh5 Qxh5 39. f4 Qh2+ 40. Kf1 Qh1+ 41. Kf2 Qh2+ 42. Kf1 Qxe2+ 43. Rxe2 gxf4 44. Rg2+ Kf7 45. Bxf4 Nd7 46. Rf2 Rg8 47. Ke2 Ke6 48. Kd3 Nf6 49. Be5 Ne4 50. Rh2 Kf5 51. Rh5+ Kg4 52. Rh8 Rxh8 53. Bxh8 Kf3 54. Bg7 Nf2+ 55. Kc2 Ke2 56. Bf8 Ne4 57. b4 b5 58. Bh6 Nd6 59. Bf4 Nc4 60. Bc1 a6 61. Kb3 Kd3 62. Bg5 Nb6 63. Bh4 Na4 64. Be1 Ke2 65. Bh4 Kd2 0-1

[Event "Portoroz op 14th"]
[Site "Portoroz"]
[Date "2023.07.17"]
[Round "4"]
[White "Stevanic, David"]
[Black "Skreno, Vladimir"]
[Result "1-0"]
[WhiteElo "2294"]
[BlackElo "2093"]
[PlyCount "105"]
[EventDate "2023.07.15"]
[EventType "swiss"]
[EventRounds "9"]
[EventCountry "SLO"]
[SourceTitle "CBM 215 Extra"]
[Source "ChessBase"]
[SourceDate "2023.09.30"]
[SourceVersion "1"]
[SourceVersionDate "2023.09.30"]
[SourceQuality "1"]

1. e4 c5 2. c3 Nf6 3. e5 Nd5 4. Nf3 d6 5. d4 cxd4 6. cxd4 Nc6 7. Bc4 e6 8. 0-0 Be7 9. Qe2 Nb6 10. Bb3 0-0 11. exd6 Qxd6 12. Rd1 Nd5 13. Nbd2 Nf4 14. Qe4 f5 15. Qe3 Nd5 16. Qe1 b5 17. Nf1 Bf6 18. Bg5 Bd7 19. Bxf6 Nxf6 20. Ne3 Nd5 21. Rac1 Nxe3 22. Qxe3 Na5 23. Qe5 Qxe5 24. dxe5 Nxb3 25. axb3 Rac8 26. Ra1 Rc7 27. Rd6 Rfc8 28. Rad1 Kf8 29. Kf1 Ke7 30. b4 Bc6 31. Nd4 Bd5 32. Nxf5+ exf5 33. R1xd5 Rc1+ 34. Ke2 R1c2+ 35. Ke3 R8c7 36. Rxb5 Rxb2 37. Rd2 Rb3+ 38. Kf4 g6 39. Kg5 a5 40. Rxa5 Rxb4 41. g3 Kf7 42. Kh6 f4 43. Kxh7 fxg3 44. fxg3 Ke6+ 45. Kxg6 Rg4+ 46. Kh5 Rg8 47. Rd6+ Kf5 48. Rf6+ Ke4 49. e6 Rh8+ 50. Rh6 Rg8 51. g4 Rc2 52. h4 Rg2 53. e7 1-0

[Event "EU-ch Rapid"]
[Site "Katowice"]
[Date "2022.12.18"]
[Round "7"]
[White "Szpar, Milosz"]
[Black "Stevanic, David"]
[Result "1-0"]
[WhiteElo "2428"]
[BlackElo "2249"]
[PlyCount "105"]
[EventDate "2022.12.17"]
[EventType "swiss (rapid)"]
[EventRounds "11"]
[EventCountry "POL"]
[SourceTitle "CBM 211 Extra"]
[Source "ChessBase"]
[SourceDate "2023.01.31"]
[SourceVersion "1"]
[SourceVersionDate "2023.01.31"]
[SourceQuality "1"]

1. e4 e5 2. Nf3 Nc6 3. Bb5 a6 4. Ba4 Nf6 5. 0-0 Be7 6. d3 b5 7. Bb3 0-0 8. a4 b4 9. Nbd2 d6 10. a5 Rb8 11. h3 h6 12. Nc4 Nd4 13. Nxd4 exd4 14. Re1 d5 15. exd5 Nxd5 16. Ne5 Qd6 17. Bd2 Bg5 18. Bxg5 hxg5 19. Qh5 Bb7 20. Re4 Rbd8 21. Rae1 c5 22. h4 Qh6 23. Qxg5 Qxg5 24. hxg5 g6 25. Ng4 Kg7 26. Re5 Nf4 27. Rxc5 Bxg2 28. Re7 Rde8 29. Rce5 Rxe7 30. Rxe7 Bd5 31. Bxd5 Nxd5 32. Re4 Nc7 33. Rxd4 Rb8 34. Rd7 Ne6 35. Ne5 Nxg5 36. f4 Kf6 37. d4 Nh3+ 38. Kg2 Nxf4+ 39. Kf3 Ne6 40. Rxf7+ Kg5 41. d5 Nd4+ 42. Ke4 Nf5 43. Nf3+ Kg4 44. Rf6 Ng3+ 45. Kd3 Rd8 46. Ne5+ Kh5 47. d6 Nf5 48. d7 Ng7 49. Rd6 Nf5 50. Rxa6 g5 51. Rf6 Ne7 52. Rf7 Nd5 53. Rh7# 1-0

[Event "EU-ch Blitz"]
[Site "Katowice"]
[Date "2022.12.16"]
[Round "21"]
[White "Stevanic, David"]
[Black "Kuzmicz, Krystian"]
[Result "1/2-1/2"]
[WhiteElo "2249"]
[BlackElo "2466"]
[PlyCount "149"]
[EventDate "2022.12.16"]
[EventType "swiss (blitz)"]
[EventRounds "22"]
[EventCountry "POL"]
[SourceTitle "CBM 211 Extra"]
[Source "ChessBase"]
[SourceDate "2023.01.31"]
[SourceVersion "1"]
[SourceVersionDate "2023.01.31"]
[SourceQuality "1"]

1. e4 c5 2. c3 g6 3. d4 cxd4 4. cxd4 d5 5. e5 Nc6 6. Nc3 Bg7 7. h3 Nh6 8. g4 f6 9. f4 fxe5 10. fxe5 e6 11. Nf3 0-0 12. Bg2 Qb6 13. 0-0 Bd7 14. Na4 Qc7 15. Nc5 b6 16. Nxd7 Qxd7 17. Bd2 Rac8 18. Rc1 Nf7 19. h4 Na5 20. h5 Nc4 21. hxg6 hxg6 22. Bb4 Ne3 23. Qd3 Nxf1 24. Rxf1 Nh8 25. Bxf8 Rxf8 26. g5 Rf4 27. Bh3 Qe7 28. Qc2 Kh7 29. Qc8 Rxf3 30. Rxf3 Qxg5+ 31. Kh2 Qd2+ 32. Bg2 g5 33. Rh3+ Bh6 34. Rxh6+ Kxh6 35. Qxh8+ Kg6 36. Qf6+ Kh5 37. Qxe6 g4 38. Qf5+ Kh4 39. Qf6+ Kh5 40. Qh8+ Kg5 41. Qg7+ Kh4 42. Qf6+ Kh5 43. Qf5+ Kh4 44. Qh7+ Kg5 45. Qg8+ Kh4 46. Qd8+ Kh5 47. Qf6 Qxd4 48. Qf5+ Kh4 49. Qf6+ Kh5 50. Qh8+ Kg5 51. Qg7+ Kh5 52. Qf7+ Kg5 53. Qf6+ Kh5 54. Qf7+ Kg5 55. Bxd5 Qxe5+ 56. Kg1 Qd4+ 57. Kf1 Qd1+ 58. Kf2 Qd2+ 59. Kg1 Qd1+ 60. Kf2 Qd2+ 61. Kg1 Qd1+ 62. Kh2 Qd2+ 63. Bg2 Qxb2 64. Qd5+ Kh4 65. Qd8+ Kh5 66. Qe8+ Kh4 67. Qe7+ Kh5 68. Qxa7 Qe5+ 69. Kg1 Qe1+ 70. Bf1 Qe3+ 71. Kh1 Qf3+ 72. Kg1 Qe3+ 73. Kh1 Qf3+ 74. Kg1 Qe3+ 75. Kh1 1/2-1/2

[Event "SLO-chT 32nd"]
[Site "Ljubljana"]
[Date "2022.10.28"]
[Round "7.5"]
[White "Furlan, Miha"]
[Black "Stevanic, David"]
[Result "1/2-1/2"]
[WhiteElo "2345"]
[BlackElo "2261"]
[PlyCount "103"]
[EventDate "2022.09.02"]
[EventType "team-tourn"]
[EventRounds "9"]
[EventCountry "SLO"]
[SourceTitle "EXT 2024"]
[Source "ChessBase"]
[SourceDate "2023.10.10"]
[SourceVersion "1"]
[SourceVersionDate "2023.10.10"]
[SourceQuality "1"]
[WhiteTeam "Trebnje BMP"]
[BlackTeam "Kocevje"]
[WhiteTeamCountry "SLO"]
[BlackTeamCountry "SVK"]

1. e4 e5 2. Nf3 Nf6 3. Nxe5 d6 4. Nf3 Nxe4 5. d4 d5 6. Bd3 Bd6 7. 0-0 0-0 8. c4 c6 9. Nc3 Nxc3 10. bxc3 dxc4 11. Bxc4 Bg4 12. h3 Bh5 13. g4 Bg6 14. Ne5 Bxe5 15. dxe5 Qa5 16. f4 b5 17. Be2 Qxc3 18. Qb3 Qxb3 19. axb3 Be4 20. b4 Nd7 21. Be3 Nb6 22. Bc5 Rfe8 23. Ra6 f6 24. exf6 gxf6 25. Bf3 Nd5 26. Rxc6 Nxf4 27. Bxe4 Rxe4 28. Rxf6 Nxh3+ 29. Kh2 Ng5 30. Rf8+ Rxf8 31. Rxf8+ Kg7 32. Ra8 Rxg4 33. Rxa7+ Kg6 34. Rb7 h5 35. Rxb5 h4 36. Rb8 Nf3+ 37. Kh1 Kf5 38. Rf8+ Ke4 39. Re8+ Kf4 40. Bd6+ Kf5 41. Bc5 Rc4 42. Kg2 Ng5 43. Rh8 h3+ 44. Kf2 Kg4 45. Ke3 Kg3 46. Kd3 Rg4 47. Bd6+ Kg2 48. Rg8 h2 49. Bxh2 Kxh2 50. b5 Nh3 51. b6 Rb4 52. Rg5 1/2-1/2

[Event "Nova Gorica op-A 26th"]
[Site "Nova Gorica"]
[Date "2022.09.19"]
[Round "6"]
[White "Pirs, Matjaz1111"]
[Black "Stevanic, David"]
[Result "0-1"]
[WhiteElo "1943"]
[BlackElo "2261"]
[PlyCount "84"]
[EventDate "2022.09.16"]
[EventType "swiss"]
[EventRounds "9"]
[EventCountry "SLO"]
[SourceTitle "CBM 210 Extra"]
[Source "ChessBase"]
[SourceDate "2022.11.30"]
[SourceVersion "1"]
[SourceVersionDate "2022.11.30"]
[SourceQuality "1"]

1. e4 e5 2. Nf3 Nc6 3. Bc4 Nf6 4. d3 Be7 5. Nc3 d6 6. h3 Na5 7. Bb3 Nxb3 8. axb3 0-0 9. 0-0 Re8 10. Be3 b6 11. d4 Bb7 12. Qd3 exd4 13. Nxd4 Nd7 14. f3 g6 15. Qd2 Bh4 16. Nde2 a5 17. Rfd1 Qe7 18. Nf4 Rac8 19. Nfd5 Bxd5 20. Nxd5 Qe6 21. Qc3 Bd8 22. Bd4 c6 23. Nf4 Qe7 24. Re1 Ne5 25. Nd3 Nxd3 26. Qxd3 Bc7 27. Bc3 Qg5 28. Bd2 Qg3 29. f4 Qxd3 30. cxd3 d5 31. Rac1 c5 32. Kf2 dxe4 33. Rxe4 Red8 34. Ke2 Bd6 35. Bc3 f5 36. Re6 Bxf4 37. Rf1 Re8 38. Rxe8+ Rxe8+ 39. Kf3 g5 40. g3 Re3+ 41. Kf2 Rxg3 42. Re1 Kf7 0-1

[Event "Nova Gorica op-A 26th"]
[Site "Nova Gorica"]
[Date "2022.09.18"]
[Round "5"]
[White "Stevanic, David"]
[Black "Leitner, Gerald"]
[Result "1/2-1/2"]
[WhiteElo "2261"]
[BlackElo "2181"]
[PlyCount "63"]
[EventDate "2022.09.16"]
[EventType "swiss"]
[EventRounds "9"]
[EventCountry "SLO"]
[SourceTitle "CBM 210 Extra"]
[Source "ChessBase"]
[SourceDate "2022.11.30"]
[SourceVersion "1"]
[SourceVersionDate "2022.11.30"]
[SourceQuality "1"]

1. e4 g6 2. d4 Bg7 3. Nc3 c6 4. f4 d5 5. e5 h5 6. Nf3 Nh6 7. Be3 Bg4 8. Be2 Nd7 9. 0-0 Nf8 10. Na4 Nf5 11. Qd2 Bxf3 12. Rxf3 Ne6 13. Nc5 Nxc5 14. dxc5 0-0 15. Bf2 f6 16. exf6 Bxf6 17. Rb3 Qc7 18. g4 hxg4 19. Bxg4 Bg7 20. Re1 Rae8 21. Re6 Rf6 22. Bxf5 gxf5 23. Bd4 Rxe6 24. Rg3 Rf6 25. Be5 Qc8 26. Qg2 Qe6 27. Rxg7+ Kf8 28. Rg5 Kf7 29. Rg7+ Kf8 30. Rg5 Kf7 31. Rg7+ Kf8 32. Rg5 1/2-1/2

[Event "Nova Gorica op-A 26th"]
[Site "Nova Gorica"]
[Date "2022.09.16"]
[Round "1"]
[White "Stevanic, David"]
[Black "Pavlovic, Milos"]
[Result "0-1"]
[WhiteElo "2261"]
[BlackElo "2468"]
[PlyCount "95"]
[EventDate "2022.09.16"]
[EventType "swiss"]
[EventRounds "9"]
[EventCountry "SLO"]
[SourceTitle "CBM 210 Extra"]
[Source "ChessBase"]
[SourceDate "2022.11.30"]
[SourceVersion "1"]
[SourceVersionDate "2022.11.30"]
[SourceQuality "1"]

1. e4 e6 2. d4 d5 3. Nc3 Bb4 4. e5 c5 5. a3 Bxc3+ 6. bxc3 Nc6 7. Qg4 g6 8. Nf3 Qa5 9. Bd2 Qa4 10. c4 Qxc2 11. dxc5 Qe4+ 12. Qxe4 dxe4 13. Ng5 f5 14. f3 h6 15. Nh3 Nd4 16. Rd1 Bd7 17. fxe4 Ba4 18. Rb1 0-0-0 19. exf5 gxf5 20. Nf4 Ne7 21. Bc3 Nec6 22. Be2 Nxe5 23. 0-0 Rhg8 24. Bh5 Bc6 25. Rbd1 Nef3+ 26. Kf2 Nxh2 27. Rxd4 Nxf1 28. Kxf1 Rg3 29. Rxd8+ Kxd8 30. Bf6+ Kd7 31. Kf2 Rxa3 32. Bf7 Ra2+ 33. Kg1 Be4 34. Bxe6+ Kc6 35. Bd4 a5 36. g4 fxg4 37. Bd5+ Bxd5 38. cxd5+ Kd7 39. d6 a4 40. Nd5 Rd2 41. Nb6+ Kc6 42. Be3 Rd1+ 43. Kf2 a3 44. Nc4 a2 45. Na5+ Kd7 46. Nb3 Rb1 47. c6+ Kxc6 48. Ke2 0-1

[Event "SLO-chT 32nd"]
[Site "Ljubljana"]
[Date "2022.09.11"]
[Round "6.2"]
[White "Stevanic, David"]
[Black "Brilej, Jaka"]
[Result "0-1"]
[WhiteElo "2261"]
[BlackElo "2329"]
[PlyCount "110"]
[EventDate "2022.09.02"]
[EventType "team-tourn"]
[EventRounds "9"]
[EventCountry "SLO"]
[SourceTitle "EXT 2023"]
[Source "ChessBase"]
[SourceDate "2022.10.05"]
[SourceVersion "1"]
[SourceVersionDate "2022.10.05"]
[SourceQuality "1"]
[WhiteTeam "Kocevje"]
[BlackTeam "Celje"]
[WhiteTeamCountry "SVK"]
[BlackTeamCountry "SVK"]

1. e4 c6 2. d4 d5 3. f3 dxe4 4. fxe4 e5 5. Nf3 Bg4 6. Bc4 Nd7 7. 0-0 Ngf6 8. Be3 Bd6 9. c3 0-0 10. Nbd2 Qc7 11. h3 Bh5 12. Qc2 Rae8 13. Nh4 Bg6 14. Bd3 exd4 15. cxd4 Nd5 16. exd5 Rxe3 17. Nf5 Bxf5 18. Bxf5 Nf6 19. dxc6 Bh2+ 20. Kh1 Nh5 21. Rf3 Ng3+ 22. Rxg3 Bxg3 23. Nf1 Re7 24. Bxh7+ Kh8 25. Qf5 Bf4 26. cxb7 Bh6 27. d5 Qxb7 28. Ng3 Qxb2 29. Rb1 Qe5 30. Qxe5 Rxe5 31. Bc2 Rxd5 32. Bb3 Re5 33. Kg1 Be3+ 34. Kf1 Bb6 35. Bc4 Rc8 36. Bb3 g6 37. Re1 Rxe1+ 38. Kxe1 Kg7 39. Kd2 f5 40. Ne2 Rd8+ 41. Kc2 Be3 42. Bc4 Kf6 43. Bd3 Ke5 44. h4 Rd6 45. a4 a5 46. Nc3 Bf2 47. Nb5 Rc6+ 48. Kd2 Bxh4 49. Na3 Kf4 50. Bb5 Rd6+ 51. Ke2 Re6+ 52. Kd2 Kg3 53. Bc4 Rd6+ 54. Ke2 Kg4 55. Nb5 Rd7 0-1

[Event "SLO-chT 32nd"]
[Site "Ljubljana"]
[Date "2022.09.09"]
[Round "4.3"]
[White "Stevanic, David"]
[Black "Beliavsky, Alexander G"]
[Result "0-1"]
[WhiteElo "2261"]
[BlackElo "2505"]
[PlyCount "140"]
[EventDate "2022.09.02"]
[EventType "team-tourn"]
[EventRounds "9"]
[EventCountry "SLO"]
[SourceTitle "EXT 2023"]
[Source "ChessBase"]
[SourceDate "2022.10.05"]
[SourceVersion "1"]
[SourceVersionDate "2022.10.05"]
[SourceQuality "1"]
[WhiteTeam "Kocevje"]
[BlackTeam "Ptuj"]
[WhiteTeamCountry "SVK"]
[BlackTeamCountry "SLO"]

1. e4 e5 2. Nf3 Nc6 3. Bc4 Nf6 4. d3 Bc5 5. c3 d6 6. Bb3 a6 7. 0-0 Ba7 8. Nbd2 0-0 9. h3 d5 10. exd5 Nxd5 11. Nc4 f6 12. Ne3 Be6 13. Nxd5 Bxd5 14. Be3 Kh8 15. Bxa7 Rxa7 16. Bxd5 Qxd5 17. d4 exd4 18. Nxd4 Nxd4 19. Qxd4 Qxd4 20. cxd4 Raa8 21. Rfd1 Rad8 22. Rd2 Kg8 23. Kf1 Kf7 24. Rad1 Rd5 25. b3 c6 26. Ke2 Rfd8 27. Rd3 g5 28. Ke3 h5 29. g4 Rh8 30. Ke2 f5 31. gxf5 Kf6 32. Re3 Rxf5 33. Rf3 Re8+ 34. Re3 Rd8 35. Rf3 Rxf3 36. Kxf3 Kf5 37. Ke3 c5 38. d5 Ke5 39. Rg1 Kf5 40. Rd1 Rd6 41. f3 b6 42. Rd2 h4 43. Rd1 Rd7 44. d6 Ke6 45. Rg1 Rg7 46. Ke4 Kxd6 47. Kf5 b5 48. Kf6 Rg8 49. Rd1+ Kc6 50. Rc1 a5 51. Ke7 Kd5 52. Rg1 Rg7+ 53. Kf6 Rg8 54. Ke7 Rh8 55. Rxg5+ Kd4 56. f4 c4 57. bxc4 bxc4 58. Rxa5 c3 59. Rg5 c2 60. Rg1 Rc8 61. Rc1 Ke4 62. Ke6 Kxf4 63. a4 Ke3 64. Kf5 Kd2 65. Rh1 c1Q 66. Rxc1 Rxc1 67. Kg5 Rc4 68. a5 Kc3 69. a6 Ra4 70. a7 Rxa7 0-1

[Event "SLO-ch 32nd"]
[Site "Radenci"]
[Date "2022.07.10"]
[Round "9"]
[White "Bajo, Tin"]
[Black "Stevanic, David"]
[Result "0-1"]
[WhiteElo "2010"]
[BlackElo "2262"]
[PlyCount "90"]
[EventDate "2022.07.03"]
[EventType "swiss"]
[EventRounds "9"]
[EventCountry "SLO"]
[SourceTitle "EXT 2023"]
[Source "ChessBase"]
[SourceDate "2022.10.05"]
[SourceVersion "1"]
[SourceVersionDate "2022.10.05"]
[SourceQuality "1"]

1. e4 c5 2. Nf3 g6 3. c3 d5 4. exd5 Qxd5 5. d4 Bg7 6. Be2 Bf5 7. Na3 Nc6 8. dxc5 Qxc5 9. 0-0 Nf6 10. Nb5 0-0 11. Be3 Qd5 12. Nfd4 Nxd4 13. Nxd4 Rfd8 14. Nxf5 Qxf5 15. Qa4 Nd5 16. Qb3 Bf6 17. Bf3 Nxe3 18. fxe3 Qc5 19. Qxb7 Rab8 20. Qe4 Rxb2 21. c4 Rdd2 22. Kh1 Rxa2 23. Rxa2 Rxa2 24. Qd3 Ra3 25. Qd8+ Kg7 26. Bd5 Qxe3 27. Qc7 e6 28. Bc6 Qd3 29. Qf4 Qxf1+ 30. Qxf1 Ra1 31. Qxa1 Bxa1 32. Kg1 f5 33. Kf2 Bd4+ 34. Kf3 Kf6 35. g4 e5 36. h3 e4+ 37. Kf4 g5+ 38. Kg3 f4+ 39. Kg2 Ke5 40. Ba4 Bc5 41. Kf1 f3 42. Bc6 Kf4 43. Bd5 e3 44. h4 e2+ 45. Ke1 Bb4+ 0-1

[Event "SLO-ch 32nd"]
[Site "Radenci"]
[Date "2022.07.03"]
[Round "1"]
[White "Mohar, Martin"]
[Black "Stevanic, David"]
[Result "0-1"]
[WhiteElo "1745"]
[BlackElo "2262"]
[PlyCount "54"]
[EventDate "2022.07.03"]
[EventType "swiss"]
[EventRounds "9"]
[EventCountry "SLO"]
[SourceTitle "EXT 2023"]
[Source "ChessBase"]
[SourceDate "2022.10.05"]
[SourceVersion "1"]
[SourceVersionDate "2022.10.05"]
[SourceQuality "1"]

1. d4 Nf6 2. c4 g6 3. g3 Bg7 4. Nc3 d6 5. Bg2 0-0 6. Nf3 Nbd7 7. 0-0 e5 8. e4 exd4 9. Nxd4 Nc5 10. h3 Re8 11. Qc2 Nfxe4 12. Nxe4 Nxe4 13. Bxe4 Bxd4 14. Bg2 Qf6 15. g4 Bd7 16. Rb1 h5 17. Qd1 hxg4 18. hxg4 Bc6 19. b4 Re6 20. Qd3 Rae8 21. g5 Qe5 22. Bd2 Be4 23. Bxe4 Qxe4 24. Qxe4 Rxe4 25. Kg2 Be5 26. f4 Re2+ 27. Rf2 Bd4 0-1

[Event "EU-ch 22nd"]
[Site "Terme Catez"]
[Date "2022.04.05"]
[Round "10"]
[White "Stevanic, David"]
[Black "Olenik Campa, Rudi"]
[Result "1-0"]
[WhiteElo "2306"]
[BlackElo "2112"]
[PlyCount "67"]
[EventDate "2022.03.27"]
[EventType "swiss"]
[EventRounds "11"]
[EventCountry "SLO"]
[SourceTitle "CBM 208"]
[Source "ChessBase"]
[SourceDate "2022.06.30"]
[SourceVersion "1"]
[SourceVersionDate "2022.06.30"]
[SourceQuality "1"]

1. e4 c5 2. c3 Nf6 3. e5 Nd5 4. d4 cxd4 5. Nf3 Nc6 6. cxd4 d6 7. Bc4 e6 8. 0-0 Be7 9. Qe2 0-0 10. Nc3 Nb6 11. Bd3 d5 12. Bf4 f6 13. exf6 Bxf6 14. Nb5 Rf7 15. Ne5 Nxe5 16. dxe5 Be7 17. Be3 Bd7 18. Nd4 Na4 19. Qc2 g6 20. Nxe6 Bxe6 21. Qxa4 d4 22. Bd2 Qd5 23. f4 a6 24. Qd1 Raf8 25. Qe2 g5 26. f5 Rxf5 27. Rxf5 Rxf5 28. Bxf5 Bxf5 29. Qf3 Qd7 30. Rf1 Bg6 31. Bxg5 d3 32. Bxe7 Qxe7 33. Qd5+ Kg7 34. Qd6 1-0

[Event "EU-ch 22nd"]
[Site "Terme Catez"]
[Date "2022.04.03"]
[Round "8"]
[White "Stevanic, David"]
[Black "Fishchuk, Vladyslav"]
[Result "0-1"]
[WhiteElo "2306"]
[BlackElo "1760"]
[PlyCount "74"]
[EventDate "2022.03.27"]
[EventType "swiss"]
[EventRounds "11"]
[EventCountry "SLO"]
[SourceTitle "CBM 208"]
[Source "ChessBase"]
[SourceDate "2022.06.30"]
[SourceVersion "1"]
[SourceVersionDate "2022.06.30"]
[SourceQuality "1"]

1. e4 c5 2. Nf3 Nc6 3. Bb5 g6 4. Bxc6 dxc6 5. d3 Qc7 6. h3 e5 7. Nc3 Be7 8. 0-0 Nf6 9. Ne2 Nh5 10. c3 Be6 11. Ng5 Bxg5 12. Bxg5 f6 13. Be3 Qe7 14. f4 exf4 15. Nxf4 Nxf4 16. Bxf4 0-0 17. Qf3 Rad8 18. Bh6 Rf7 19. Qe3 b6 20. e5 Bf5 21. Rxf5 gxf5 22. e6 Rg7 23. Bxg7 Kxg7 24. Re1 Rd5 25. d4 cxd4 26. cxd4 Rd6 27. g4 fxg4 28. hxg4 Rd5 29. Qe4 Rd6 30. Kg2 h6 31. g5 fxg5 32. Qe5+ Kh7 33. b4 b5 34. Qc5 h5 35. Re5 Kg6 36. Qxd6 Qxd6 37. e7 Qxe5 0-1

[Event "EU-ch 22nd"]
[Site "Terme Catez"]
[Date "2022.03.31"]
[Round "5"]
[White "Yakimenko, Alexander A"]
[Black "Stevanic, David"]
[Result "0-1"]
[WhiteElo "2064"]
[BlackElo "2306"]
[PlyCount "124"]
[EventDate "2022.03.27"]
[EventType "swiss"]
[EventRounds "11"]
[EventCountry "SLO"]
[SourceTitle "CBM 208"]
[Source "ChessBase"]
[SourceDate "2022.06.30"]
[SourceVersion "1"]
[SourceVersionDate "2022.06.30"]
[SourceQuality "1"]

1. e4 g6 2. d4 Bg7 3. Nc3 d6 4. Be3 a6 5. Qd2 b5 6. Bd3 Nd7 7. Nf3 Bb7 8. 0-0 c6 9. Rfe1 Qc7 10. a3 c5 11. d5 e5 12. dxe6 fxe6 13. Bxb5 0-0-0 14. Ng5 Nf8 15. Bc4 Qd7 16. Qe2 h6 17. Nh3 Qc6 18. Nf4 Re8 19. f3 g5 20. Nh5 Be5 21. Rab1 Nf6 22. Nxf6 Bxf6 23. Qd2 Nd7 24. Bf1 d5 25. Bf2 Be5 26. Na2 Nf6 27. exd5 exd5 28. b4 c4 29. Bd4 Bc7 30. Rxe8+ Rxe8 31. Re1 Rg8 32. Qe3 Re8 33. Qc3 Bb6 34. Rxe8+ Nxe8 35. Qe3 Bxd4 36. Qxd4 Nd6 37. Qc5 Qxc5+ 38. bxc5 Nb5 39. a4 Nd4 40. c3 Nb3 41. h4 Nxc5 42. hxg5 hxg5 43. a5 Nb3 44. Kf2 Kd7 45. g3 Nxa5 46. Ke3 Nb3 47. f4 gxf4+ 48. Kxf4 Ke6 49. Bh3+ Kd6 50. Bf5 a5 51. g4 Nc5 52. g5 Ne6+ 53. Kg4 Ke5 54. Bb1 Ng7 55. Bc2 Bc8+ 56. Kf3 Bf5 57. Ba4 Ne6 58. Ke3 Nxg5 59. Nc1 Ne4 60. Na2 Nc5 61. Be8 Nb3 62. Ke2 Bb1 0-1

[Event "EU-ch 22nd"]
[Site "Terme Catez"]
[Date "2022.03.29"]
[Round "3"]
[White "Godena, Michele"]
[Black "Stevanic, David"]
[Result "1-0"]
[WhiteElo "2442"]
[BlackElo "2306"]
[PlyCount "125"]
[EventDate "2022.03.27"]
[EventType "swiss"]
[EventRounds "11"]
[EventCountry "SLO"]
[SourceTitle "CBM 208"]
[Source "ChessBase"]
[SourceDate "2022.06.30"]
[SourceVersion "1"]
[SourceVersionDate "2022.06.30"]
[SourceQuality "1"]

1. e4 e5 2. Nf3 Nc6 3. Bc4 Nf6 4. d3 Be7 5. Nc3 0-0 6. a3 d6 7. h3 h6 8. 0-0 Re8 9. Re1 Bf8 10. b4 Ne7 11. Ne2 Ng6 12. Ng3 c6 13. Bb3 d5 14. Bb2 Qc7 15. Qd2 Be6 16. Nxe5 dxe4 17. Nxg6 fxg6 18. Bxe6+ Rxe6 19. Nxe4 Nxe4 20. Rxe4 Rxe4 21. dxe4 a5 22. Qd4 axb4 23. axb4 Rd8 24. Qc4+ Kh7 25. Bc3 Bd6 26. Re1 Bh2+ 27. Kh1 Be5 28. Kg1 Qd6 29. Bxe5 Qxe5 30. Qc5 Qxc5 31. bxc5 Rd4 32. e5 Kg8 33. e6 Kf8 34. Rb1 Re4 35. Rxb7 Re1+ 36. Kh2 Rxe6 37. Rc7 g5 38. Kg3 Rf6 39. f3 Kg8 40. Kf2 Re6 41. Kg3 Rf6 42. h4 gxh4+ 43. Kxh4 Rg6 44. g4 Re6 45. f4 Re4 46. f5 Re2 47. Rxc6 Rh2+ 48. Kg3 Rxc2 49. Rc7 Rc4 50. c6 Kf8 51. Kh4 Rc3 52. Kh5 Rc4 53. g5 hxg5 54. Kg6 Rc5 55. Rxg7 g4 56. Rc7 g3 57. Rc8+ Ke7 58. f6+ Ke6 59. Re8+ Kd5 60. Re3 g2 61. Rg3 Ke6 62. Rxg2 Rxc6 63. f7 1-0

[Event "EU-chT 23rd"]
[Site "Terme Catez"]
[Date "2021.11.20"]
[Round "8.4"]
[White "Sahidi, Samir"]
[Black "Stevanic, David"]
[Result "1-0"]
[WhiteElo "2432"]
[BlackElo "2318"]
[PlyCount "77"]
[EventDate "2021.11.12"]
[EventType "team-swiss"]
[EventRounds "9"]
[EventCountry "SLO"]
[SourceTitle "CBM 205"]
[Source "ChessBase"]
[SourceDate "2021.12.31"]
[SourceVersion "1"]
[SourceVersionDate "2021.12.31"]
[SourceQuality "1"]
[WhiteTeam "Slovakia"]
[BlackTeam "Slovenia II"]
[WhiteTeamCountry "SVK"]
[BlackTeamCountry "SLO"]

1. d4 Nf6 2. c4 g6 3. Nc3 Bg7 4. e4 d6 5. Nf3 0-0 6. Be2 e5 7. 0-0 exd4 8. Nxd4 Re8 9. f3 Nc6 10. Be3 Nh5 11. f4 Nf6 12. Bf3 Bd7 13. Nc2 a5 14. c5 Nb4 15. cxd6 cxd6 16. Re1 Bg4 17. Nd4 Bxf3 18. Qxf3 Qc8 19. Rad1 Ng4 20. Ndb5 Ra6 21. Re2 d5 22. e5 Nxe3 23. Qxe3 f6 24. a3 d4 25. Qxd4 fxe5 26. fxe5 Nc6 27. Qd5+ Kh8 28. Nd6 Qe6 29. Nxe8 Qxe8 30. Nb5 Qe7 31. Nd6 Nxe5 32. Rxe5 Bxe5 33. Qxe5+ Qxe5 34. Nf7+ Kg7 35. Nxe5 Kf6 36. Nc4 b5 37. Rd6+ Rxd6 38. Nxd6 b4 39. Nc4 1-0

[Event "EU-chT 23rd"]
[Site "Terme Catez"]
[Date "2021.11.15"]
[Round "4.17"]
[White "Weatherlake, John P"]
[Black "Stevanic, David"]
[Result "0-1"]
[WhiteElo "1890"]
[BlackElo "2318"]
[PlyCount "32"]
[EventDate "2021.11.12"]
[EventType "team-swiss"]
[EventRounds "9"]
[EventCountry "SLO"]
[SourceTitle "CBM 205"]
[Source "ChessBase"]
[SourceDate "2021.12.31"]
[SourceVersion "1"]
[SourceVersionDate "2021.12.31"]
[SourceQuality "1"]
[WhiteTeam "Wales"]
[BlackTeam "Slovenia II"]
[WhiteTeamCountry "WLS"]
[BlackTeamCountry "SLO"]

1. Nf3 Nf6 2. e3 g6 3. d4 Bg7 4. c4 0-0 5. Be2 d6 6. Nc3 Nbd7 7. 0-0 e5 8. Qc2 Ne8 9. Rd1 f5 10. dxe5 dxe5 11. c5 c6 12. b4 Qe7 13. Nd2 Ndf6 14. f4 exf4 15. exf4 Nd5 16. Nxd5 Qxe2 0-1

[Event "SLO-chT 31st"]
[Site "Ljubljana"]
[Date "2021.09.25"]
[Round "8.5"]
[White "Stevanic, David"]
[Black "Zamar Kodelja, Jurij"]
[Result "1-0"]
[WhiteElo "2300"]
[BlackElo "2248"]
[PlyCount "67"]
[EventDate "2021.09.10"]
[EventType "team-tourn"]
[EventRounds "9"]
[EventCountry "SLO"]
[SourceTitle "CBM 204 Extra"]
[Source "ChessBase"]
[SourceDate "2021.11.30"]
[SourceVersion "1"]
[SourceVersionDate "2021.11.30"]
[SourceQuality "1"]
[WhiteTeam "Kocevje Inotherm"]
[BlackTeam "Nova Gorica CC"]
[WhiteTeamCountry "SLO"]
[BlackTeamCountry "SLO"]

1. e4 c5 2. Nf3 g6 3. c3 Nc6 4. d4 d6 5. Be3 cxd4 6. cxd4 Nf6 7. Nc3 Bg7 8. h3 0-0 9. Bd3 d5 10. e5 Ne8 11. h4 Bg4 12. h5 e6 13. Qd2 Bxf3 14. gxf3 Nxe5 15. dxe5 d4 16. hxg6 fxg6 17. Bxg6 hxg6 18. Bxd4 Rf5 19. f4 g5 20. 0-0-0 Rxf4 21. Qd3 Rf5 22. Qh3 Qe7 23. Nd5 Rc8+ 24. Kb1 Qf7 25. Nf6+ Nxf6 26. exf6 Rxf6 27. Bxf6 Qxf6 28. Rd2 Rc6 29. Qh7+ Kf8 30. Rhd1 Rd6 31. Qc2 Rxd2 32. Rxd2 Qf5 33. Qxf5+ exf5 34. Rd5 1-0